Catálogo

Vista normal Vista MARC

Entrada Personal Name

Número de registros utilizados en: 1

001 - CONTROL NUMBER

  • control field: 13173

003 - CONTROL NUMBER IDENTIFIER

  • control field: DLC

005 - DATE AND TIME OF LATEST TRANSACTION

  • control field: 20220822090408.0

008 - FIXED-LENGTH DATA ELEMENTS

  • fixed length control field: 040524n| azannaabn |a aaa

010 ## - LIBRARY OF CONGRESS CONTROL NUMBER

  • LC control number: n 2004101272

035 ## - SYSTEM CONTROL NUMBER

  • System control number: (OCoLC)oca06355931

040 ## - CATALOGING SOURCE

  • Original cataloging agency: DLC
  • Language of cataloging: spa
  • Description conventions: rda
  • Transcribing agency: Mx-PuUPA
  • Modifying agency: DLC
  • Modifying agency: IEN
  • Modifying agency: Mx-PuUPA

046 ## - SPECIAL CODED DATES

  • Birth date: 1982
  • Source of date scheme: edtf

100 1# - HEADING--PERSONAL NAME

  • Personal name: Newport, Cal,
  • Dates associated with a name: 1982-

372 ## - FIELD OF ACTIVITY

  • Field of activity: Ciencias de la Computación
  • Field of activity: Trabajo mental
  • Field of activity: Habilidades de estudio
  • Field of activity: Orientación vocacional
  • Source of term: lcsh

374 ## - OCCUPATION

  • Occupation: Autor
  • Occupation: Profersor

375 ## - GENDER

  • Gender: hombre

377 ## - ASSOCIATED LANGUAGE

  • Language code: eng

378 ## - FULLER FORM OF PERSONAL NAME

  • Fuller form of personal name: Calvin Charles

400 1# - SEE FROM TRACING--PERSONAL NAME

  • Personal name: Newport, Calvin
  • Dates associated with a name: 1982-

670 ## - SOURCE DATA FOUND

  • Source citation: Newport, Cal. How to win at college, 2005:
  • Information found: CIP t.p. (Cal Newport) galley (Calvin Newport)

670 ## - SOURCE DATA FOUND

  • Source citation: OCLC, June 13, 2019
  • Information found: (access field: Newport, Cal, Newport, Cal, 1982-, Newport, Calvin, Newport, Calvin (Calvin Charles))